| 000 | 00702 a2200229 4500 | ||
|---|---|---|---|
| 003 | 0 | ||
| 005 | 20180703160412.0 | ||
| 008 | 0 | ||
| 010 | _aENG-84774 | ||
| 020 |
_a8175243252 _c500.00 |
||
| 035 | _aEN-68307, B-224913 | ||
| 037 | _bD.B.Act / Pub | ||
| 040 | _c0 | ||
| 082 | _a796 | ||
| 100 | _aSharma, J. P. | ||
| 245 |
_aCurriculum design in physical education _cby J. P. Sharma |
||
| 260 |
_aNew Delhi _bKhel Sahitya Kendra _c2006 |
||
| 270 |
_a7/26, Ansari Road, Darya Ganj, _bNew Delhi _cDelhi _e110002 _k55190343, 42564726 _l42564726 _mkhelsahitya1@rediffmail.com |
||
| 300 |
_a290 p. _c21 cm (Hb) |
||
| 650 | _aPhysical education | ||
| 942 |
_adpl _cEN _k796 / SHA _2ddc _h796 _mSHA |
||
| 999 |
_c347 _d347 |
||